Conductive polymers and plastics
Uloženo v:
| Hlavní autor: | |
|---|---|
| Médium: | Kniha |
| Jazyk: | angličtina |
| Vydáno: |
Nueva York
Chapman and Hall
1989
|
| Témata: | |
| Tagy: |
Přidat tag
Žádné tagy, Buďte první, kdo vytvoří štítek k tomuto záznamu!
|
MARC
| LEADER | 00000nam a2200000 a 4500 | ||
|---|---|---|---|
| 001 | UCW2673 | ||
| 003 | CL-VaPUC | ||
| 008 | 920427e19890000US |||||||||||||||||eng|d | ||
| 082 | 0 | 4 | |a 620.192 |b MAR |2 21 |
| 100 | |a Margolis, James M. |e autor |9 306942 | ||
| 245 | 1 | 0 | |a Conductive polymers and plastics |
| 300 | |a 179 p | ||
| 942 | |c BK | ||
| 945 | |d 19920427 00:00:00 | ||
| 260 | |a Nueva York |b Chapman and Hall |c 1989 | ||
| 650 | 0 | |a Plásticos |9 267415 | |
| 650 | 0 | |a Polímeros |9 271736 | |
| 650 | 0 | |a Conductores eléctricos |9 263132 | |
| 583 | |a last modification |c 19920427 00:00:00 |k Rodrigo Vera | ||
| 999 | |c 217168 |d 217166 | ||
| 952 | |0 0 |1 0 |4 0 |6 620_192000000000000_MAR_1989 |7 0 |8 A |9 203913 |a BIBCUR |b BIBCUR |d 2019-11-15 |i 2711818 |l 1 |o 620.192 MAR 1989 |p 2711818 |r 2025-04-22 |s 2024-07-09 |w 2019-11-15 |y BK |k QUI | ||